Missing Word: Directed by Women Quiz Stats

 Plays Quiz Updated Jan 7, 2018

Score 0/20 Timer 03:00
0 Plays Today
Director / Movie title Missing word % Correct
Amy Heckerling: ___ Who's TalkingLook
97.7%
Nora Ephron: Sleepless in ___Seattle
97.5%
Sharon Maguire: Bridget Jones's ___Diary
97.2%
Penelope Spheeris: Wayne's ___World
97.1%
Kimberly Peirce: Boys Don't ___Cry
95.7%
Nancy Meyers: The ___ TrapParent
94.5%
Kathryn Bigelow: The Hurt ___Locker
93.2%
Gurinder Chadha: Bend It Like ___Beckham
92.3%
Penny Marshall: A ___ of Their Own League
90.9%
Randa Haines: Children of a Lesser ___God
86%
Director / Movie title Missing word % Correct
Susan Seidelman: ___ Seeking SusanDesperately
83.3%
Sofia Coppola: Lost in ___Translation
82.4%
Barbra Streisand: The ___ of TidesPrince
80.2%
Mimi Leder: ___ ImpactDeep
72.7%
Agnieszka Holland: The Secret ___Garden
66.1%
Julie Taymor: Across the ___Universe
50.4%
Greta Gerwig: ___ BirdLady
44.9%
Patty Jenkins: ___ WomanWonder
41.3%
Mary Harron: American ___Psycho
28.7%
Maren Ade: ___ ErdmannToni
10.8%

Today's Daily Dose

Missing Word
No Snow!

Word Ladder
Wild Cats

On This Day
December 16th II

You're not logged in!

Compare scores with friends on all Sporcle quizzes.
OR
Log In

You Might Also Like...

Show Comments

Extras

Top Quizzes Today


Score Distribution

Your Account Isn't Verified!

In order to create a playlist on Sporcle, you need to verify the email address you used during registration. Go to your Sporcle Settings to finish the process.

Report this User

Report this user for behavior that violates our Community Guidelines.

Details: